| 000 | 01938nam0a22003731 4500 | ||
|---|---|---|---|
| 001 | v19\rc\1800445 | ||
| 005 | 20260405214155.0 | ||
| 035 | _a(NLR Aleph) 005252034 | ||
| 090 |
_a5813855 _c5813855 |
||
| 100 | _a20071130d1907 |||y0rusy50 ca | ||
| 101 | 1 |
_arus _cfre |
|
| 102 | _aRU | ||
| 105 | _ay z ||||| | ||
| 200 | 1 |
_aГосударственные предприятия и социализм _eС фр. _fПер. под ред. И. Гольденберга _gЖюль Гед |
|
| 210 |
_aСанкт-Петербург _cЗнание _d1907 |
||
| 215 |
_a30 с. _d21 |
||
| 225 | 1 |
_aДешевая библиотека товарищества "Знание" _v№ 209 |
|
| 300 | _aНа обл. дата: 1906 | ||
| 300 | _aЗагл. ориг.: Services publics et socialisme | ||
| 300 | _aПер. также под загл.: Социализм и государственные предприятия, Общественные службы и социализм | ||
| 451 | 0 |
_12001#$aСоциализм и государственные предприятия _tСоциализм и государственные предприятия |
|
| 451 | 0 |
_12001#$aОбщественные службы и социализм _tОбщественные службы и социализм |
|
| 454 | 0 |
_12001#$aServices publics et socialisme _tServices publics et socialisme |
|
| 532 | 1 | 3 | _aГосударственные предприятия и социализм |
| 700 | 1 |
_8rus _7ca _aГед _bЖ. _f1845-1922 _gЖюль _3RU\NLR\AUTH\7797151 _980077 |
|
| 702 | 1 |
_4340 _8rus _7ca _aГольденберг _bИ. П. _f1873-1922 _gИосиф Петрович _3RU\NLR\AUTH\7778826 _961754 |
|
| 801 | 0 |
_aRU _bNLR _c20071130 _gpsbo |
|
| 801 | 0 |
_aRU _bRuMoRGB _c20071130 _2psbo |
|
| 801 | 1 |
_aRU _bProSoft-M _c20071130 _2rusmarc |
|
| 801 | 2 |
_aRU _bNLR _c20110510 _2rusmarc |
|
| 852 |
_aNLR _j34.84.8.1332 |
||
| 942 | _cBOOK | ||
| 980 | _aNB | ||